[Event "Valasska Bystrice op"]
[Site "Valasska Bystrice"]
[Date "2023.09.15"]
[Round "8"]
[White "Divis, Jan"]
[Black "Zitek, Jiri"]
[Result "1-0"]
[WhiteElo "1506"]
[BlackElo "1663"]
[PlyCount "106"]
[EventDate "2023.09.09"]
[EventType "swiss"]
[EventRounds "9"]
[EventCountry "CZE"]
[SourceTitle "EXT 2024"]
[Source "ChessBase"]
[SourceDate "2023.10.10"]
[SourceVersion "1"]
[SourceVersionDate "2023.10.10"]
[SourceQuality "1"]

1. d4 d6 2. Bf4 c6 3. e3 Nf6 4. Nd2 h6 5. Be2 g5 6. Bg3 Bg7 7. c3 Bf5 8. h3 Nbd7 9. Ngf3 Nf8 10. Bh2 Qb6 11. Nc4 Qd8 12. Ncd2 N8d7 13. g4 Bg6 14. Bg3 Qa5 15. Nb3 Qb6 16. Bd3 Be4 17. Bxe4 Nxe4 18. Bh2 0-0-0 19. Qc2 Ndf6 20. Nbd2 Nxd2 21. Nxd2 Qa5 22. f3 Nd5 23. a3 Rdf8 24. 0-0-0 Nf6 25. Bg3 Nd7 26. Kb1 Qc7 27. Qa4 Kb8 28. e4 e5 29. dxe5 Bxe5 30. Bf2 b5 31. Qb3 Qb7 32. Bd4 c5 33. Bxe5 Nxe5 34. Qc2 c4 35. Nf1 Rd8 36. h4 Nxf3 37. hxg5 Nxg5 38. Ng3 d5 39. exd5 Rxd5 40. Rxd5 Qxd5 41. Rd1 Qe6 42. Nf1 Qxg4 43. Qh2+ Kc8 44. Qd6 Qe4+ 45. Kc1 Ne6 46. Qa6+ Kb8 47. Qxb5+ Qb7 48. Qe5+ Qc7 49. Qxh8+ Kb7 50. Qh7 Ka6 51. Qxh6 Kb7 52. Qh1+ Ka6 53. Kb1 Qc8 1-0

[Event "Valasska Bystrice op"]
[Site "Valasska Bystrice"]
[Date "2023.09.13"]
[Round "6"]
[White "Papan, Cyril"]
[Black "Zitek, Jiri"]
[Result "1-0"]
[WhiteElo "1857"]
[BlackElo "1663"]
[PlyCount "72"]
[EventDate "2023.09.09"]
[EventType "swiss"]
[EventRounds "9"]
[EventCountry "CZE"]
[SourceTitle "EXT 2024"]
[Source "ChessBase"]
[SourceDate "2023.10.10"]
[SourceVersion "1"]
[SourceVersionDate "2023.10.10"]
[SourceQuality "1"]

1. d4 d6 2. c4 e5 3. Nc3 Nd7 4. Nf3 Ngf6 5. g3 c6 6. Bg2 Be7 7. 0-0 Qc7 8. b3 Nf8 9. Bb2 Bg4 10. h3 Bxf3 11. Bxf3 exd4 12. Qxd4 Ne6 13. Qd2 0-0-0 14. Qe3 d5 15. cxd5 Bc5 16. Qd3 Qxg3+ 17. Bg2 Qg5 18. e3 Nxd5 19. Nxd5 Rxd5 20. Qe4 h5 21. Rac1 Rd2 22. Rc2 Rhd8 23. Bc1 Rxc2 24. Qxc2 Qe7 25. Qc4 Ba3 26. Qa4 Bxc1 27. Rxc1 Kb8 28. Qa5 Qc7 29. Qxh5 g6 30. Qh4 Rd2 31. a4 Qd7 32. Bf3 Qd3 33. b4 c5 34. Bg4 f5 35. Bf3 Qd7 36. Qg3+ Kc8 1-0

[Event "Valasska Bystrice op"]
[Site "Valasska Bystrice"]
[Date "2023.09.12"]
[Round "5"]
[White "Zitek, Jiri"]
[Black "Musil, Vitezslav"]
[Result "1/2-1/2"]
[WhiteElo "1663"]
[BlackElo "1839"]
[PlyCount "80"]
[EventDate "2023.09.09"]
[EventType "swiss"]
[EventRounds "9"]
[EventCountry "CZE"]
[SourceTitle "EXT 2024"]
[Source "ChessBase"]
[SourceDate "2023.10.10"]
[SourceVersion "1"]
[SourceVersionDate "2023.10.10"]
[SourceQuality "1"]

1. e4 e6 2. d4 d5 3. exd5 exd5 4. Bd3 Bd6 5. Nf3 Bg4 6. 0-0 Nc6 7. c3 Nge7 8. Nbd2 Qd7 9. Nb3 b6 10. Bg5 f6 11. Bh4 Nf5 12. Bg3 Nxg3 13. fxg3 0-0 14. Qc2 g6 15. Rae1 Qg7 16. Nbd2 Bd7 17. Rf2 Rae8 18. Rfe2 Rxe2 19. Rxe2 a5 20. Nf1 Nd8 21. c4 dxc4 22. Bxc4+ Kh8 23. N1d2 Bf5 24. Qb3 Bg4 25. Ne4 Bxf3 26. gxf3 f5 27. Nxd6 Qxd4+ 28. Qe3 Qxe3+ 29. Rxe3 cxd6 30. Rb3 Nc6 31. Rxb6 Ne5 32. Be2 Rc8 33. f4 Rc1+ 34. Kf2 Ng4+ 35. Bxg4 fxg4 36. Ke3 Rc2 37. Rxd6 Rxb2 38. Rd2 Rb4 39. Rd4 Rb2 40. Rd2 Rb4 1/2-1/2

[Event "Valasska Bystrice op"]
[Site "Valasska Bystrice"]
[Date "2023.09.11"]
[Round "4"]
[White "Zitek, Jiri"]
[Black "Cohen, Avi"]
[Result "1/2-1/2"]
[WhiteElo "1663"]
[BlackElo "1860"]
[PlyCount "56"]
[EventDate "2023.09.09"]
[EventType "swiss"]
[EventRounds "9"]
[EventCountry "CZE"]
[SourceTitle "EXT 2024"]
[Source "ChessBase"]
[SourceDate "2023.10.10"]
[SourceVersion "1"]
[SourceVersionDate "2023.10.10"]
[SourceQuality "1"]

1. e4 e6 2. d4 d5 3. exd5 exd5 4. Bd3 Nf6 5. Nf3 Bg4 6. 0-0 Be7 7. c3 Nbd7 8. Bg5 0-0 9. Nbd2 c5 10. Qc2 c4 11. Bf5 g6 12. Bxg4 Nxg4 13. Bxe7 Qxe7 14. Rfe1 Qd6 15. Re2 Rfe8 16. Rae1 Rxe2 17. Rxe2 b5 18. Qc1 b4 19. cxb4 Qxb4 20. Nb1 Qd6 21. Nc3 Kg7 22. Qe1 Rb8 23. h3 Ngf6 24. Ne5 Nf8 25. Qd2 Ne6 26. Qe3 Qb6 27. Rd2 Re8 28. g4 h6 1/2-1/2

[Event "CZE-ch Seniors 65"]
[Site "Olomouc"]
[Date "2023.08.13"]
[Round "2"]
[White "Zitek, Jiri"]
[Black "Mayer, Josef"]
[Result "1/2-1/2"]
[WhiteElo "1623"]
[BlackElo "1846"]
[PlyCount "66"]
[EventDate "2023.08.12"]
[EventType "swiss"]
[EventRounds "9"]
[EventCountry "CZE"]
[SourceTitle "EXT 2024"]
[Source "ChessBase"]
[SourceDate "2023.10.10"]
[SourceVersion "1"]
[SourceVersionDate "2023.10.10"]
[SourceQuality "1"]

1. e4 g6 2. Nf3 Bg7 3. d3 c5 4. c3 Nc6 5. Be2 d6 6. h3 Nf6 7. Nbd2 0-0 8. Nf1 Rb8 9. g4 e5 10. Ng3 d5 11. g5 Ne8 12. Nh2 f5 13. exd5 Qxd5 14. Bf3 Qd6 15. h4 Be6 16. h5 Rd8 17. Be3 e4 18. dxe4 Qxd1+ 19. Rxd1 f4 20. Bxc5 fxg3 21. Bxf8 gxf2+ 22. Kxf2 Bxf8 23. hxg6 Bc5+ 24. Kg2 hxg6 25. Bg4 Bxg4 26. Nxg4 Be7 27. Rd5 Rxd5 28. exd5 Nd8 29. Re1 Kf8 30. Ne5 Bxg5 31. Nxg6+ Kf7 32. Ne5+ Kf8 33. Nd7+ Kf7 1/2-1/2

[Event "Liberec Desko op"]
[Site "Liberec"]
[Date "2023.07.15"]
[Round "1"]
[White "Kucera, Petr3333"]
[Black "Zitek, Jiri"]
[Result "1-0"]
[WhiteElo "2254"]
[BlackElo "1620"]
[PlyCount "63"]
[EventDate "2023.07.15"]
[EventType "swiss"]
[EventRounds "9"]
[EventCountry "CZE"]
[SourceTitle "CBM 215 Extra"]
[Source "ChessBase"]
[SourceDate "2023.09.30"]
[SourceVersion "1"]
[SourceVersionDate "2023.09.30"]
[SourceQuality "1"]

1. d4 d6 2. Nf3 c6 3. g3 Nd7 4. Bg2 Ngf6 5. Nc3 e5 6. e4 Be7 7. 0-0 Qc7 8. a4 a5 9. h3 0-0 10. Re1 Re8 11. Bg5 Nf8 12. Qd2 Ng6 13. Rad1 Nh5 14. Be3 f5 15. exf5 e4 16. fxg6 exf3 17. gxh7+ Kxh7 18. Bxf3 Nf6 19. Ne4 Bf5 20. Bf4 Nd5 21. Bg5 Nf6 22. Qf4 Qd7 23. g4 Bg6 24. Bxf6 Bxf6 25. Nxf6+ gxf6 26. Be4 Rxe4 27. Rxe4 d5 28. Re2 Rf8 29. Rde1 Rf7 30. c3 f5 31. g5 Bh5 32. Qh4 1-0

[Event "Liberec op 22nd"]
[Site "Liberec"]
[Date "2023.02.24"]
[Round "1"]
[White "Zitek, Jiri"]
[Black "Belaska, Premysl"]
[Result "0-1"]
[WhiteElo "1641"]
[BlackElo "2196"]
[PlyCount "50"]
[EventDate "2023.02.24"]
[EventType "swiss"]
[EventRounds "9"]
[EventCountry "CZE"]
[SourceTitle "CBM 213 Extra"]
[Source "ChessBase"]
[SourceDate "2023.05.31"]
[SourceVersion "1"]
[SourceVersionDate "2023.05.31"]
[SourceQuality "1"]

1. e4 c5 2. Nf3 d6 3. d4 cxd4 4. Nxd4 Nf6 5. Nc3 a6 6. Be3 e6 7. a4 b6 8. g3 Bb7 9. Bg2 Qc7 10. h3 Nbd7 11. 0-0 Be7 12. g4 h6 13. Re1 g5 14. Nde2 0-0-0 15. a5 bxa5 16. Qd4 Nc5 17. Ra3 Nfd7 18. Rd1 Ne5 19. Na4 Bf6 20. Qd2 Nc4 21. Qe1 Nxa3 22. Nxc5 Nxc2 23. Qd2 Nxe3 24. Qxe3 dxc5 25. Rc1 Be7 0-1

[Event "Liberec Region-chT 2223"]
[Site "Czech Republic"]
[Date "2022.11.13"]
[Round "3.8"]
[White "Zitek, Jiri"]
[Black "Fuzik, Bohuslav"]
[Result "1-0"]
[WhiteElo "1600"]
[BlackElo "1575"]
[PlyCount "49"]
[EventDate "2022.10.09"]
[EventType "team-tourn"]
[EventRounds "11"]
[EventCountry "CZE"]
[SourceTitle "EXT 2024"]
[Source "ChessBase"]
[SourceDate "2023.10.10"]
[SourceVersion "1"]
[SourceVersionDate "2023.10.10"]
[SourceQuality "1"]

1. e4 d6 2. Nc3 e5 3. Nf3 Nf6 4. Bc4 c6 5. d3 Be7 6. 0-0 0-0 7. h3 b5 8. Bb3 a5 9. a4 b4 10. Ne2 c5 11. Ng3 Ne8 12. c3 Nc7 13. Re1 Be6 14. d4 exd4 15. cxd4 d5 16. exd5 Bxd5 17. Nf5 Bd6 18. Nxd6 Qxd6 19. dxc5 Qxc5 20. Be3 Qc6 21. Bxd5 Qxd5 22. Bb6 Nba6 23. Re5 Qc6 24. Bxc7 Nxc7 25. Rc1 1-0

[Event "Valasska Bystrice op 13th"]
[Site "Valasska Bystrice"]
[Date "2022.09.14"]
[Round "6"]
[White "Zitek, Jiri"]
[Black "Kopecky, Matej"]
[Result "0-1"]
[WhiteElo "1609"]
[BlackElo "1687"]
[PlyCount "74"]
[EventDate "2022.09.10"]
[EventType "swiss"]
[EventRounds "9"]
[EventCountry "CZE"]
[SourceTitle "CBM 210 Extra"]
[Source "ChessBase"]
[SourceDate "2022.11.30"]
[SourceVersion "1"]
[SourceVersionDate "2022.11.30"]
[SourceQuality "1"]

1. e4 e6 2. c4 d5 3. cxd5 exd5 4. Qb3 dxe4 5. Bc4 Qe7 6. Nc3 Nf6 7. Nge2 Nc6 8. 0-0 Bd7 9. Nd5 Nxd5 10. Bxd5 0-0-0 11. Nc3 Na5 12. Qc2 f5 13. b4 Nc6 14. b5 Nb4 15. Qa4 Nxd5 16. Nxd5 Qc5 17. Nxc7 Kxc7 18. d4 Bxb5 19. Bf4+ Kd7 20. Qb3 Qc4 21. Qh3 Qd5 22. Rfc1 Ke6 23. g4 Bd6 24. Bxd6 Qxd6 25. gxf5+ Kf7 26. Qb3+ Qd5 27. Rc7+ Kf6 28. Qg3 g5 29. fxg6 hxg6 30. Rc5 Qxd4 31. Qg5+ Kf7 32. Rac1 Bc6 33. R5c4 Qd6 34. h4 Qf6 35. Qg3 Qxh4 36. Qg2 Qh5 37. Rxe4 Rd1+ 0-1

[Event "Valasska Bystrice op 13th"]
[Site "Valasska Bystrice"]
[Date "2022.09.13"]
[Round "5"]
[White "Briza, Jiri"]
[Black "Zitek, Jiri"]
[Result "1-0"]
[WhiteElo "1847"]
[BlackElo "1609"]
[PlyCount "42"]
[EventDate "2022.09.10"]
[EventType "swiss"]
[EventRounds "9"]
[EventCountry "CZE"]
[SourceTitle "CBM 210 Extra"]
[Source "ChessBase"]
[SourceDate "2022.11.30"]
[SourceVersion "1"]
[SourceVersionDate "2022.11.30"]
[SourceQuality "1"]

1. e4 c6 2. d4 d6 3. Nf3 Nd7 4. Bc4 h6 5. 0-0 g5 6. h3 Bg7 7. e5 d5 8. Bb3 Nf8 9. c4 e6 10. Nc3 Ne7 11. Ne2 f6 12. Ng3 Nf5 13. Nh5 Kf7 14. g4 Ne7 15. Nxg7 Kxg7 16. exf6+ Kxf6 17. Ne5 dxc4 18. Qf3+ Nf5 19. Nxc4 Qxd4 20. Rd1 Qc5 21. Be3 Qe7 1-0

[Event "Liberec Desko op"]
[Site "Liberec"]
[Date "2021.07.17"]
[Round "1"]
[White "Zitek, Jiri"]
[Black "Kucera, Petr"]
[Result "0-1"]
[WhiteElo "1631"]
[BlackElo "2214"]
[PlyCount "68"]
[EventDate "2021.07.17"]
[EventType "swiss"]
[EventRounds "9"]
[EventCountry "CZE"]
[SourceTitle "CBM 203 Extra"]
[Source "ChessBase"]
[SourceDate "2021.09.30"]
[SourceVersion "1"]
[SourceVersionDate "2021.09.30"]
[SourceQuality "1"]

1. Nf3 d5 2. c3 c5 3. g3 Nc6 4. Bg2 e5 5. d3 Nf6 6. 0-0 Be7 7. Nbd2 0-0 8. a4 h6 9. e4 dxe4 10. dxe4 Be6 11. Qe2 Qc7 12. Re1 Na5 13. b4 cxb4 14. cxb4 Bxb4 15. Bb2 Nd7 16. Rec1 Qd6 17. Rd1 Qe7 18. Qb5 a6 19. Qd3 Rfd8 20. Bc3 Nc6 21. Rab1 Nc5 22. Qe3 Rd3 23. Bxb4 Rxe3 24. Bxc5 Qxc5 25. fxe3 Qxe3+ 26. Kh1 Rd8 27. Re1 Qc3 28. Rec1 Qa5 29. Nc4 Qxa4 30. Nb6 Qxe4 31. Ng5 Qxb1 32. Rxb1 hxg5 33. Na4 Ba2 34. Ra1 Bd5 0-1

[Event "Liberec op 20th"]
[Site "Liberec"]
[Date "2020.02.25"]
[Round "5"]
[White "Garwacki, Kornel"]
[Black "Zitek, Jiri"]
[Result "1-0"]
[WhiteElo "1287"]
[BlackElo "1693"]
[PlyCount "69"]
[EventDate "2020.02.22"]
[EventType "swiss"]
[EventRounds "9"]
[EventCountry "CZE"]
[SourceTitle "CBM 195 Extra"]
[Source "ChessBase"]
[SourceDate "2020.05.31"]
[SourceVersion "1"]
[SourceVersionDate "2020.05.31"]
[SourceQuality "1"]

1. e4 d6 2. d4 c6 3. Nf3 Bg4 4. Be3 Nf6 5. Bd3 Nbd7 6. c4 Qa5+ 7. Nc3 e5 8. d5 Nc5 9. Bxc5 Qxc5 10. a3 Qb6 11. b4 Be7 12. 0-0 0-0 13. h3 Bd7 14. Qd2 a5 15. bxa5 Rxa5 16. Rfb1 Qc7 17. Rb3 Rfa8 18. Qc1 Nh5 19. Rab1 R5a7 20. Ne2 cxd5 21. exd5 f5 22. Nd2 e4 23. Bc2 Bg5 24. Qd1 Ba4 25. Rb4 Bxc2 26. Qxc2 e3 27. Qxf5 exf2+ 28. Qxf2 Rf8 29. Qxa7 Bxd2 30. Rxb7 Qxc4 31. Ng3 Qc3 32. R7b3 Qe5 33. Nxh5 Qxh5 34. Qd4 Be1 35. Rxe1 1-0

[Event "Liberec op 15th"]
[Site "Liberec"]
[Date "2015.02.14"]
[Round "1"]
[White "Grela, Kacper"]
[Black "Zitek, Jiri"]
[Result "1-0"]
[WhiteElo "2165"]
[BlackElo "1723"]
[PlyCount "35"]
[EventDate "2015.02.14"]
[EventType "swiss"]
[EventRounds "9"]
[EventCountry "CZE"]
[SourceTitle "CBM 164 Extra"]
[Source "ChessBase"]
[SourceDate "2015.03.02"]
[SourceVersion "1"]
[SourceVersionDate "2015.03.02"]
[SourceQuality "1"]

1. e4 c6 2. d4 d6 3. Nc3 g6 4. f4 Bg7 5. Nf3 Bg4 6. Be3 Nd7 7. Be2 Qa5 8. 0-0 Rd8 9. Nd2 Bxe2 10. Qxe2 b5 11. d5 b4 12. dxc6 bxc3 13. cxd7+ Rxd7 14. bxc3 Qxc3 15. Rab1 e6 16. e5 Ne7 17. Ne4 Qa3 18. Rb8+ 1-0